00265 a2200109 4500001000700000020000600007040001100013100002700024240005000051245004500101362000900146181451 a  cMagnum aRodrigues, Maria Lucia10aO trabalho com grupos e o servico sociallpor10aO trabalho com grupos e o servico social0 a1899